000 01075naa a22002777a 4500
001 BR7326365
003 BR-BrBNA
005 20240918173546.0
007 ta
008 230509b bl.||||| |||| 00| 0 por d
040 _aBR-BrBNA
_bpor
_cBiblioteca Nacional de Agricultura
041 _a(Pt)
072 _aH60
_b3875
090 _aH60 BR7326365
100 1 _aPinto, E. de S.L.
100 1 _aLins, R.G.
111 1 _a1. Seminario Brasileiro de Herbicidas e Ervas Daninhas
_cItaguai, RJ (Brazil)
_d4 Jul 1956
245 1 _aO valor economico das herbicidas totais, em substituicao ao processo usual da erradicacao de vegetacao daninha
260 3 _aItaguai, RJ (Brasil):
_c1956.
500 _aAnais do 1. Seminario Brasileiro de Herbicidas e Ervas Daninhas Itaguai, RJ (Brasil): 1956. p. 217-220 (BR7326365-AM)H60
650 _aERVA DANINHA
650 _aHERBICIDA
773 0 _tAnais do 1. Seminario Brasileiro de Herbicidas e Ervas Daninhas
_wH60 BR7326365
_gItaguai, RJ (Brasil), 1956. p. 217-220
909 _a202404
_bLucia
_c55
_dLucia Elande
942 _cAM
_2AGRIS
999 _c305383
_d305383